Biblioteca

Un imperio conquistador que no conquistó la renovación (Registro nro. 50703)

Detalles MARC
000 -LÍDER
Campo fijo de descripción fija 01239cab a22002174i 4500
001 - NÚMERO DE CONTROL
Campo de control 768714001
003 - IDENTIFICADOR DEL NÚMERO DE CONTROL
Campo de control CO-MdFUSB
005 - FECHA Y HORA DE LA ULTIMA TRANSACCIÓN
control field 20240607104837.0
008 - ELEMENTOS DE LONGITUD FIJA -- INFORMACIÓN GENERAL
Campo fijo de descripción fija -- Información general 170510s1993 cr ||||| |||| 00| 0 spa d
022 ## - NÚMERO INTERNACIONAL NORMALIZADO PARA PUBLICACIONES SERIADAS
Número Internacional Normalizado para Publicaciones Seriadas 1409-1968
040 ## - FUENTE DE CATALOGACIÓN
Agencia Catalogadora CO-MdFUSB
Idioma de catalogación spa
Agencia que realiza la transcripción CO-MdFUSB
Agencia que realiza la modificación CO-MdFUSB
041 ## - CÓDIGO DE IDIOMA
Código de idioma para texto/pista de sonido o título separado spa
100 1# - ASIENTO PRINCIPAL--NOMBRE PERSONAL
Nombre personal Deiros, Pablo A. (Alberto) (1945-)
Término relacionador autor
245 10 - TÍTULO
Título Un imperio conquistador que no conquistó la renovación
Mención de responsabilidad / Pablo A. Deiros
300 ## - DESCRIPCIÓN FÍSICA
Extensión Volumen 11. Número 2 (1993), páginas 28-29
Dimensiones : 27 cm.
520 ## - NOTA DE RESUMEN, ETC.
Nota de sumario, etc. Hace quinientos años. Europa estaba cambiando rápidamente y se estaba transformando en algo completamente nuevo, Estos cambios determinaron la nueva modalidad que la Iglesia habría de asumir en el período por venir: La Edad Moderna.<br/>La Edad Moderna, en Europa, se caracterizó por una serie de cambios de orden cultural, religioso, político, geográfico, los que fueron influidos por un profundo individualismo. Las transformaciones fueron muy evidentes en plano político y las monarquías absolutas europeas se impuso a la dela Iglesia.
653 ## - TÉRMINO DE INDIZACIÓN - NO CONTROLADO
Término no controlado Conquista
773 0# - ASIENTO DE ITEM FUENTE
Título Apuntes Pastorales
Biblionumber 49442
Itemnumber 60183
Parte(s) relacionada(s) / Volumen., número. (mes año), páginas Volumen 11. Número 2 (1993), páginas 28-29
Enumeración y primera página Página 28
942 ## - TIPO DE MATERIAL (KOHA)
Tipo de Item KOHA Artículos de Revista
945 ## - INFORMACIÓN LOCAL DEL REGISTRO
Catalogador JTF-925

No hay ítems disponibles.

Biblioteca FUSBC | Teléfono: (57+4) 349 88 10 Ext. 141| WhatsApp (+57) 3005338115 
E-mail: biblioteca@unisbc.edu.co | Calle 76 87-14 Robledo Palenque, Medellín, Colombia

Con tecnología Koha